Jazykový průvodce Euro Business česko-anglický

Saved in:
Bibliographic Details
Main Author: Neuhaus, Karsta
Other Authors: Haltern, Margret, Lesyková, Eva
Format: Book
Language:Czech
English
Published: Brno Albion 1992
Edition:1. vyd.
Subjects:
Tags: Add Tag
No Tags, Be the first to tag this record!

MARC

LEADER 00000nam a2200000 4500
001 c002966
005 20221214091805.6
020 |a 80-85318-01-6 
041 0 |a cze 
041 0 |a eng 
044 |a CZ 
245 1 0 |a Jazykový průvodce Euro Business česko-anglický  |c Karsta Neuhaus, Margret Haltern ; Eva Lesyková 
250 |a 1. vyd. 
264 1 |a Brno  |b Albion  |c 1992 
300 |a 289 s. 
610 2 0 |a čeština 
610 2 0 |a angličtina 
610 2 0 |a terminológia 
610 2 0 |a jazykoveda 
100 1 |a Neuhaus, Karsta 
700 1 |a Haltern, Margret 
700 1 |a Lesyková, Eva